Gender biases underlying the social construction of Illness States: the caso of chronic fatigue syndrome /
Gespeichert in:
| 1. Verfasser: | |
|---|---|
| Weitere Verfasser: | |
| Format: | Text |
| Tags: |
Tag hinzufügen
Keine Tags, Fügen Sie den ersten Tag hinzu!
|
MARC
| LEADER | 00000 a a2200000 04500 | ||
|---|---|---|---|
| 001 | 48687 | ||
| 003 | |||
| 040 | |||
| 100 | |a Richman, Judith A. | ||
| 245 | |a Gender biases underlying the social construction of Illness States: the caso of chronic fatigue syndrome / |c Judith A. Richman, Leonard A. Jason | ||
| 700 | |a Jason, Leonard A. | ||
| 773 | |g volumen 49, número 3, (2001), páginas 15-29 | ||
| 999 | |c 34423 |d 34423 | ||
